000 00972nam a2200253 4500
003 OSt
005 20260530115320.0
008 260508b1967 enk||||| |||| 00| 0 eng d
040 _aICI
_bspa
_cICI
_erda
050 0 0 _aNK2117.C4
_bR39 1967
100 1 _aRayner, Claire.
_eautor
_934250
245 1 0 _aFor children :
_ba Design Centre publication /
_c Claire Rayner.
264 1 _aLondon :
_bMacDonald in association with the Council of Industrial Design,
_c1967.
300 _a64 páginas :
_b ilustraciones ;
336 _2rdacontent
_atexto
337 _2rdamedia
_asin medio
338 _2rdacarrier
_avolumen
490 0 _aA Design Centre publication
500 _aGuía sobre el diseño de entornos, muebles y equipamiento para niños en el hogar.
650 _aHabitaciones para niños
_xDiseño y construcción.
_934251
650 _aMuebles para niños
_xDiseño.
_934252
710 2 _aCouncil of Industrial Design (Great Britain)
_934253
942 _2lcc
_n1
_cBK
999 _c13732
_d13732